<?xml version="1.0" encoding="UTF-8"?>
<record
    xmlns:xsi="http://www.w3.org/2001/XMLSchema-instance"
    xsi:schemaLocation="http://www.loc.gov/MARC21/slim http://www.loc.gov/standards/marcxml/schema/MARC21slim.xsd"
    xmlns="http://www.loc.gov/MARC21/slim">

  <leader>03108njm a2200565Ia 4500</leader>
  <controlfield tag="001">20782</controlfield>
  <controlfield tag="003">IT-RoPAU</controlfield>
  <controlfield tag="005">20220918181125.0</controlfield>
  <controlfield tag="008">131025s9999    xx            000 0 und d</controlfield>
  <datafield tag="040" ind1=" " ind2=" ">
    <subfield code="a">IT-RoPAU</subfield>
  </datafield>
  <datafield tag="040" ind1=" " ind2=" ">
    <subfield code="c">IT-RoPAU</subfield>
  </datafield>
  <datafield tag="041" ind1=" " ind2=" ">
    <subfield code="a">ITALIANO</subfield>
  </datafield>
  <datafield tag="999" ind1=" " ind2=" ">
    <subfield code="c">100084</subfield>
    <subfield code="d">100084</subfield>
  </datafield>
  <datafield tag="999" ind1=" " ind2=" ">
    <subfield code="b">n.d.</subfield>
  </datafield>
  <datafield tag="100" ind1=" " ind2=" ">
    <subfield code="a">AA.VV.</subfield>
    <subfield code="9">794</subfield>
  </datafield>
  <datafield tag="100" ind1=" " ind2=" ">
    <subfield code="e">Autore musica</subfield>
    <subfield code="9">3354</subfield>
  </datafield>
  <datafield tag="100" ind1=" " ind2=" ">
    <subfield code="g">Codice autore musica SPICS: 12000</subfield>
    <subfield code="9">796</subfield>
  </datafield>
  <datafield tag="245" ind1=" " ind2=" ">
    <subfield code="a">Rumbe sambe e Cha cha cha</subfield>
  </datafield>
  <datafield tag="250" ind1=" " ind2=" ">
    <subfield code="a">2a ed.</subfield>
  </datafield>
  <datafield tag="260" ind1=" " ind2=" ">
    <subfield code="a">MILANO</subfield>
  </datafield>
  <datafield tag="260" ind1=" " ind2=" ">
    <subfield code="b">FRATELLI FABBRI EDITORI</subfield>
    <subfield code="c">1982 [1a Ed.:1970]</subfield>
  </datafield>
  <datafield tag="300" ind1=" " ind2=" ">
    <subfield code="a">DISCO</subfield>
  </datafield>
  <datafield tag="300" ind1=" " ind2=" ">
    <subfield code="c">24 minuti (Testo:  pag.)</subfield>
  </datafield>
  <datafield tag="500" ind1=" " ind2=" ">
    <subfield code="a">La canzone italiana. Dopo la guerra. Ballo brasiliano, corrida, amore, torero, carrettieri, ballo del Paran&#xE0;.</subfield>
  </datafield>
  <datafield tag="505" ind1=" " ind2=" ">
    <subfield code="a">Cica cica bum (3:99 - Paquito lindo (3:00) - A Costarica (3:00) - Caramba [(Io sono spagnolo) (3:00)] - Donde vien... donde vas? (4:00) - Cocoric&#xF2; (4:00) - El negro zumbon (3:00) - La raspa (3:00)</subfield>
  </datafield>
  <datafield tag="511" ind1=" " ind2=" ">
    <subfield code="a">Beccaria Gigi</subfield>
  </datafield>
  <datafield tag="511" ind1=" " ind2=" ">
    <subfield code="a">Martorana Lidia</subfield>
  </datafield>
  <datafield tag="511" ind1=" " ind2=" ">
    <subfield code="a">Mazzi Gilberto</subfield>
  </datafield>
  <datafield tag="511" ind1=" " ind2=" ">
    <subfield code="a">Pizzi Nilla e Due Fasano</subfield>
  </datafield>
  <datafield tag="511" ind1=" " ind2=" ">
    <subfield code="a">Latilla Gino</subfield>
  </datafield>
  <datafield tag="650" ind1=" " ind2=" ">
    <subfield code="a">CANZONE ITALIAN [DISCHI]</subfield>
    <subfield code="e">Codice MATERIA SPICS: 9950</subfield>
    <subfield code="9">3355</subfield>
  </datafield>
  <datafield tag="700" ind1=" " ind2=" ">
    <subfield code="a">Devilli (Curci Alberto)</subfield>
    <subfield code="d">Codice autore musica SPICS: 13392</subfield>
    <subfield code="e">Autore musica</subfield>
    <subfield code="p">Cica cica bum</subfield>
    <subfield code="9">3356</subfield>
  </datafield>
  <datafield tag="700" ind1=" " ind2=" ">
    <subfield code="a">Warren Harry</subfield>
    <subfield code="d">Codice autore SPICS: 13604</subfield>
    <subfield code="e">Autore</subfield>
    <subfield code="p">Cica cica bum</subfield>
    <subfield code="9">3357</subfield>
  </datafield>
  <datafield tag="700" ind1=" " ind2=" ">
    <subfield code="a">Morbelli Riccardo</subfield>
    <subfield code="d">Codice autore musica SPICS: 13446</subfield>
    <subfield code="e">Autore musica</subfield>
    <subfield code="p">Paquito lindo</subfield>
    <subfield code="9">3358</subfield>
  </datafield>
  <datafield tag="700" ind1=" " ind2=" ">
    <subfield code="a">Barzizza Pippo</subfield>
    <subfield code="d">Codice autore testo/musica SPICS: 13368</subfield>
    <subfield code="e">Autore testo/musica</subfield>
    <subfield code="p">Paquito lindo</subfield>
    <subfield code="9">3359</subfield>
  </datafield>
  <datafield tag="700" ind1=" " ind2=" ">
    <subfield code="a">Franchini</subfield>
    <subfield code="d">Codice autore musica SPICS: 22564</subfield>
    <subfield code="e">Autore musica</subfield>
    <subfield code="p">A Costarica</subfield>
    <subfield code="9">3360</subfield>
  </datafield>
  <datafield tag="700" ind1=" " ind2=" ">
    <subfield code="a">Franzosi</subfield>
    <subfield code="d">Codice autore testo/musica SPICS: 22565</subfield>
    <subfield code="e">Autore testo/musica</subfield>
    <subfield code="p">A Costarica</subfield>
    <subfield code="9">3361</subfield>
  </datafield>
  <datafield tag="700" ind1=" " ind2=" ">
    <subfield code="a">Kramer Gorni</subfield>
    <subfield code="d">Codice autore musica SPICS: 11552</subfield>
    <subfield code="e">Autore musica</subfield>
    <subfield code="p">Caramba (Io sono spagnolo)</subfield>
    <subfield code="9">3362</subfield>
  </datafield>
  <datafield tag="700" ind1=" " ind2=" ">
    <subfield code="a">Panzeri Mario</subfield>
    <subfield code="d">Codice autore SPICS: 13372</subfield>
    <subfield code="e">Autore</subfield>
    <subfield code="p">Caramba (Io sono spagnolo)</subfield>
    <subfield code="9">3363</subfield>
  </datafield>
  <datafield tag="700" ind1=" " ind2=" ">
    <subfield code="a">Rastelli Nino</subfield>
    <subfield code="d">Codice autore testo/musica SPICS: 13482</subfield>
    <subfield code="e">Autore testo/musica</subfield>
    <subfield code="p">Caramba (Io sono spagnolo)</subfield>
    <subfield code="9">3364</subfield>
  </datafield>
  <datafield tag="700" ind1=" " ind2=" ">
    <subfield code="a">Pinchi (Pinci) (Perotti Pino)</subfield>
    <subfield code="d">Codice autore musica SPICS: 13615</subfield>
    <subfield code="e">Autore musica</subfield>
    <subfield code="p">Donde vien... donde vas?</subfield>
    <subfield code="9">3365</subfield>
  </datafield>
  <datafield tag="700" ind1=" " ind2=" ">
    <subfield code="a">Brigada</subfield>
    <subfield code="d">Codice autore testo/musica SPICS: 22566</subfield>
    <subfield code="e">Autore testo/musica</subfield>
    <subfield code="p">Donde vien... donde vas?</subfield>
    <subfield code="9">3366</subfield>
  </datafield>
  <datafield tag="700" ind1=" " ind2=" ">
    <subfield code="a">Notorius</subfield>
    <subfield code="d">Codice autore musica SPICS: 22567</subfield>
    <subfield code="e">Autore musica</subfield>
    <subfield code="p">Cocoric&#xF2;</subfield>
    <subfield code="9">3367</subfield>
  </datafield>
  <datafield tag="700" ind1=" " ind2=" ">
    <subfield code="a">Carosone Renato</subfield>
    <subfield code="d">Codice autore testo/musica SPICS: 9614</subfield>
    <subfield code="e">Autore testo/musica</subfield>
    <subfield code="p">Cocoric&#xF2;</subfield>
    <subfield code="9">3368</subfield>
  </datafield>
  <datafield tag="700" ind1=" " ind2=" ">
    <subfield code="a">Trovaioli Armando</subfield>
    <subfield code="d">Codice autore musica SPICS: 11182</subfield>
    <subfield code="e">Autore musica</subfield>
    <subfield code="p">El negro zumbon</subfield>
    <subfield code="9">3369</subfield>
  </datafield>
  <datafield tag="700" ind1=" " ind2=" ">
    <subfield code="a">Giordano</subfield>
    <subfield code="d">Codice autore testo/musica SPICS: 22573</subfield>
    <subfield code="e">Autore testo/musica</subfield>
    <subfield code="p">El negro zumbon</subfield>
    <subfield code="9">3370</subfield>
  </datafield>
  <datafield tag="700" ind1=" " ind2=" ">
    <subfield code="a">Ardo</subfield>
    <subfield code="d">Codice autore musica SPICS: 14156</subfield>
    <subfield code="e">Autore musica</subfield>
    <subfield code="p">La raspa</subfield>
    <subfield code="9">3371</subfield>
  </datafield>
  <datafield tag="700" ind1=" " ind2=" ">
    <subfield code="a">Nisa (Salerno Nicola)</subfield>
    <subfield code="d">Codice autore SPICS: 13452</subfield>
    <subfield code="e">Autore</subfield>
    <subfield code="p">La raspa</subfield>
    <subfield code="9">3372</subfield>
  </datafield>
  <datafield tag="700" ind1=" " ind2=" ">
    <subfield code="a">Gamse A.</subfield>
    <subfield code="d">Codice autore testo/musica SPICS: 14499</subfield>
    <subfield code="e">Autore testo/musica</subfield>
    <subfield code="p">La raspa</subfield>
    <subfield code="9">3373</subfield>
  </datafield>
  <datafield tag="942" ind1=" " ind2=" ">
    <subfield code="c">MD</subfield>
    <subfield code="2">ddc</subfield>
  </datafield>
  <datafield tag="952" ind1=" " ind2=" ">
    <subfield code="0">0</subfield>
    <subfield code="1">0</subfield>
    <subfield code="4">0</subfield>
    <subfield code="6">20782_000000000000000</subfield>
    <subfield code="7">1</subfield>
    <subfield code="a">SPICS</subfield>
    <subfield code="b">SPICS</subfield>
    <subfield code="d">2013-10-25</subfield>
    <subfield code="l">0</subfield>
    <subfield code="o">20782</subfield>
    <subfield code="r">2013-10-25 00:00:00</subfield>
    <subfield code="w">2013-10-25</subfield>
    <subfield code="y">MD</subfield>
    <subfield code="z">Progr. Ins.: 4085 / N.Vol.: 1 / Copie: 1 - Copia rara: n.d. / date import: 01.01.2014 - By Epidotti, Trombetti, Vaglietti</subfield>
  </datafield>
</record>
